000 00513nam a2200181Ia 4500
008 090124s9999 xx 000 0 und d
082 _b121396
100 _aमंगेशकर गीता
245 _a ऱ्हदय शून्य
250 _a1
260 _c1986
300 _a192
600 _aमंगेशकर गीता
630 _a ऱ्हदय शून्य
700 _aमंगेशकर गीता
730 _a ऱ्हदय शून्य
942 _cBOOK
999 _c167482
_d167482